Wszystkie ulice w Pabianicach - Statystyki

Ogólne statystyki
  • Ten quiz został rozwiązany 97 razy
    90 od ostatniego zresetowania
  • Średni wynik to 75 z 322
Statystyki odpowiedzi
INFORMACJA ULICA % Poprawnych
ulica ul. św. Jana
79%
ulica ul. Warszawska
79%
ulica ul. Zamkowa
73%
ulica ul. Jana Pawła II
71%
ulica ul. Adama Mickiewicza
66%
ulica ul. 20 Stycznia
65%
ulica ul. Łaska
65%
ulica ul. Wiejska
65%
ulica ul. Zielona
63%
ulica ul. 3 Maja
61%
ulica ul. Juliusza Słowackiego
58%
ulica ul. Henryka Sienkiewicza
56%
ulica ul. marsz. Józefa Piłsudskiego
56%
ulica ul. Bugaj
55%
ulica ul. Marii Skłodowskiej-Curie
55%
ulica ul. Gdańska
53%
ulica ul. Stanisława Moniuszki
53%
ulica ul. Wileńska
52%
ulica ul. Orla
50%
ulica ul. Jana Kilińskiego
48%
ulica ul. ks. Piotra Skargi
48%
ulica ul. Partyzancka
48%
ulica ul. Piękna
48%
ulica ul. Południowa
48%
ulica ul. Tadeusza Kościuszki
48%
ulica ul. Torowa
48%
ulica ul. Wschodnia
48%
ulica ul. Zachodnia
48%
ulica ul. gen. Zygmunta "Waltera" Janke
47%
ulica ul. Gabriela Narutowicza
45%
ulica ul. gen. Jarosława Dąbrowskiego
45%
ulica ul. gen. Stefana "Grota" Roweckiego
45%
ulica ul. Północna
45%
ulica ul. 15 Pułku Piechoty "Wilków"
44%
ulica ul. Dębowa
44%
ulica ul. gen. Władysława Sikorskiego
44%
ulica ul. Leśna
44%
ulica ul. Lutomierska
44%
ulica ul. Mikołaja Kopernika
44%
ulica ul. Polna
44%
ulica ul. Rzgowska
44%
ulica ul. Stefana Żeromskiego
44%
ulica ul. Toruńska
44%
ulica ul. Bolesława Nawrockiego
42%
ulica ul. Bracka
42%
ulica ul. gen. Romualda Traugutta
42%
ulica ul. Marii Konopnickiej
42%
ulica ul. Stefana kard. Wyszyńskiego
42%
ulica ul. Szpitalna
42%
ulica ul. Armii Krajowej
40%
ulica ul. Jana Kochanowskiego
40%
ulica ul. Karniszewicka
40%
ulica ul. Szarych Szeregów
40%
ulica ul. Akacjowa
39%
ulica ul. Józefa Poniatowskiego
39%
ulica ul. Kościelna
39%
ulica ul. Krakowska
39%
ulica ul. Stary Rynek
39%
ulica ul. Wiśniowa
39%
ulica ul. Wspólna
39%
ulica ul. Cicha
37%
ulica ul. Cmentarna
37%
ulica ul. Czereśniowa
37%
ulica ul. Grobelna
37%
ulica ul. Kasztanowa
37%
ulica ul. Lipowa
37%
ulica ul. Mała
37%
ulica ul. Pomorska
37%
ulica ul. Sportowa
37%
ulica ul. Władysława Reymonta
37%
ulica ul. Żytnia
37%
rondo rondo Honorowych Obywateli Miasta Pabianic
35%
ulica ul. Brzozowa
35%
ulica ul. Łąkowa
35%
ulica ul. Mokra
35%
ulica ul. Myśliwska
35%
ulica ul. Ostatnia
35%
ulica ul. Targowa
35%
ulica ul. Kwiatowa
34%
ulica ul. Niska
34%
ulica ul. Podmiejska
34%
ulica ul. Sosnowa
34%
ulica ul. Szkolna
34%
ulica ul. Tkacka
34%
ulica ul. Jana Matejki
32%
ulica ul. Jutrzkowicka
32%
ulica ul. Prosta
32%
ulica ul. Smugowa
32%
ulica ul. św. Rocha
32%
ulica ul. Bohaterów
31%
ulica ul. gen. Kazimierza Pułaskiego
31%
ulica ul. Grabowa
31%
ulica ul. Jędrzeja Śniadeckiego
31%
ulica ul. Klonowa
31%
ulica ul. Konstantynowska
31%
ulica ul. Orzechowa
31%
ulica ul. Słoneczna
31%
ulica ul. Stanisława Wyspiańskiego
31%
ulica ul. Parkowa
29%
ulica ul. Świętokrzyska
29%
ulica ul. Brzoskwiniowa
27%
ulica ul. Bukowa
27%
ulica ul. Dolna
27%
ulica ul. Jana III Sobieskiego
27%
ulica ul. Powstańców Warszawy
27%
ulica ul. Robotnicza
27%
ulica ul. Żwirki i Wigury
27%
ulica ul. Agrestowa
26%
ulica ul. Dobra
26%
ulica ul. Ludwika Waryńskiego
26%
ulica ul. Miodowa
26%
ulica ul. Podleśna
26%
ulica ul. Popławska
26%
ulica ul. Stefana Batorego
26%
ulica ul. Świerkowa
26%
ulica ul. Wodna
26%
ulica ul. Wysoka
26%
ulica ul. Gawrońska
24%
ulica ul. Kapliczna
24%
ulica ul. Niecała
24%
ulica ul. płk. Henryka Świetlickiego
24%
ulica ul. Sienna
24%
ulica ul. Bóźniczna
23%
ulica ul. Jasna
23%
ulica ul. Kamienna
23%
ulica ul. Krzywa
23%
ulica ul. Ksawerowska
23%
ulica ul. Malinowa
23%
ulica ul. Mariańska
23%
ulica ul. Narcyza Gryzla
23%
ulica ul. Nowa
23%
ulica ul. Ogrodowa
23%
ulica ul. Topolowa
23%
ulica ul. Trębacka
23%
ulica ul. Widok
23%
ulica ul. Boczna
21%
ulica ul. Garncarska
21%
ulica ul. Kazimierza
21%
ulica ul. Makowa
21%
ulica ul. Olszynowa
21%
ulica ul. Organizacji WiN
21%
ulica ul. Osikowa
21%
ulica ul. Owocowa
21%
ulica ul. Poprzeczna
21%
ulica ul. Próżna
21%
ulica ul. Rolnicza
21%
ulica ul. Różana
21%
ulica ul. Spokojna
21%
ulica ul. św. Maksymiliana Marii Kolbego
21%
ulica ul. Tulipanowa
21%
ulica ul. Warzywna
21%
ulica ul. Wincentego Witosa
21%
ulica ul. Żelazna
21%
plac pl. Nowy Rynek
19%
ulica ul. Bagatela
19%
ulica ul. Drewnowska
19%
ulica ul. gen. Leopolda Okulickiego
19%
ulica ul. Glebowa
19%
ulica ul. Grunwaldzka
19%
ulica ul. Jadwigi Wajsówny
19%
ulica ul. Ludowa
19%
ulica ul. Majdany
19%
ulica ul. Piaskowa
19%
ulica ul. Romualda Mielczarskiego
19%
ulica ul. Średnia
19%
ulica ul. Stara
19%
ulica ul. Szewska
19%
ulica ul. Wąska
19%
ulica ul. Żurawia
19%
rondo rondo Unii Europejskiej
18%
ulica ul. Barucha
18%
ulica ul. dr. Witolda Eichlera
18%
ulica ul. Hetmańska
18%
ulica ul. Jagodowa
18%
ulica ul. Konopna
18%
ulica ul. Kręta
18%
ulica ul. Liściasta
18%
ulica ul. Maksymiliana Barucha
18%
ulica ul. Miła
18%
ulica ul. Odrodzenia
18%
ulica ul. Poziomkowa
18%
ulica ul. Przejazd
18%
ulica ul. Słonecznikowa
18%
ulica ul. Wiązowa
18%
ulica ul. Wierzbowa
18%
ulica ul. Wrzosowa
18%
ulica ul. Żabia
18%
ulica ul. Zagajnikowa
18%
ulica ul. Chłodna
16%
ulica ul. Dereniowa
16%
ulica ul. Ewangelicka
16%
ulica ul. Jodłowa
16%
ulica ul. Kolejowa
16%
ulica ul. Łączna
16%
ulica ul. Lwowska
16%
ulica ul. PCK
16%
ulica ul. Pogodna
16%
ulica ul. Rycerska
16%
ulica ul. Stefanii Sempołowskiej
16%
ulica ul. Wolnościowa
16%
ulica ul. Bartosza Głowackiego
15%
ulica ul. Graniczna
15%
ulica ul. Jaworowa
15%
ulica ul. Krzysztofa Kamila Baczyńskiego
15%
ulica ul. Księżycowa
15%
ulica ul. Lawendowa
15%
ulica ul. Letnia
15%
ulica ul. Michała Ossowskiego
15%
ulica ul. Morwowa
15%
ulica ul. Piotra Bardowskiego
15%
ulica ul. Sejmowa
15%
ulica ul. Śliwkowa
15%
ulica ul. Spółdzielcza
15%
ulica ul. Widzewska
15%
ulica ul. Wiosenna
15%
ulica ul. Władysława Broniewskiego
15%
ulica ul. Batalionów Chłopskich
13%
ulica ul. Bociania
13%
ulica ul. Garażowa
13%
ulica ul. Hermanowska
13%
ulica ul. Jarzębinowa
13%
ulica ul. Jaśminowa
13%
ulica ul. Kresowa
13%
ulica ul. Lecznicza
13%
ulica ul. Łukowa
13%
ulica ul. Młynarska
13%
ulica ul. Modrzewiowa
13%
ulica ul. Nieduża
13%
ulica ul. Orna
13%
ulica ul. Piątkowska
13%
ulica ul. Rydzyńska
13%
ulica ul. Rypułtowicka
13%
ulica ul. Skośna
13%
ulica ul. Spacerowa
13%
ulica ul. Stanisława Kunickiego
13%
ulica ul. Stanisława Staszewskiego
13%
ulica ul. Strażacka
13%
ulica ul. Tadeusza Świątka
13%
ulica ul. Willowa
13%
ulica ul. Źródlana
13%
ulica ul. Chmielowa
11%
ulica ul. Cisowa
11%
ulica ul. Działkowa
11%
ulica ul. Husarska
11%
ulica ul. Jesienna
11%
ulica ul. Jesionowa
11%
ulica ul. Kalinowa
11%
ulica ul. Kasztelańska
11%
ulica ul. Leszczynowa
11%
ulica ul. Morelowa
11%
ulica ul. Mostowa
11%
ulica ul. Podgórna
11%
ulica ul. Trawiasta
11%
ulica ul. Ułańska
11%
ulica ul. Zgoda
11%
ulica ul. Żwirowa
11%
ulica ul. Chabrowa
10%
ulica ul. Familijna
10%
ulica ul. Kąkolowa
10%
ulica ul. Lisia
10%
ulica ul. Mieczysława Brauna
10%
ulica ul. Modra
10%
ulica ul. Osiedlowa
10%
ulica ul. Owsiana
10%
ulica ul. Pawia
10%
ulica ul. Skrajna
10%
ulica ul. Sybiraków
10%
ulica ul. Szynkielewska
10%
ulica ul. Aleksandra Kostki-Napierskiego
8%
ulica ul. Cedrowa
8%
ulica ul. Chmielna
8%
ulica ul. Ciasna
8%
ulica ul. Ciepła
8%
ulica ul. gen. Aleksandra Arkuszyńskiego
8%
ulica ul. Laskowa
8%
ulica ul. Malwowa
8%
ulica ul. Miętowa
8%
ulica ul. Przyjazna
8%
ulica ul. Radosna
8%
ulica ul. Składowa
8%
ulica ul. Węglowa
8%
ulica ul. Zacisze
8%
ulica ul. Żniwna
8%
ulica ul. Żytowicka
8%
bulwar bulwar im. Feliksa Kruschego
6%
skwer skwer im. Anny Walentynowicz
6%
ulica ul. Borowa
6%
ulica ul. Bystra
6%
ulica ul. Gajowa
6%
ulica ul. Gruntowa
6%
ulica ul. Jałowcowa
6%
ulica ul. Jana Pietrusińskiego
6%
ulica ul. Łubinowa
6%
ulica ul. Oliwkowa
6%
ulica ul. Sporna
6%
ulica ul. Tęczowa
6%
ulica ul. Zakole
6%
ulica ul. Zaradzyńska
6%
ulica ul. Zdrojowa
6%
ulica ul. Ziemna
6%
rondo rondo Krwiodawców Polskiego Czerwonego Krzyża
5%
ulica ul. Cyprysowa
5%
ulica ul. Gromadzka
5%
ulica ul. Karola Prosnaka
5%
ulica ul. Końcowa
5%
ulica ul. Lazurowa
5%
ulica ul. Modrakowa
5%
ulica ul. Nowowolska
5%
ulica ul. Pszeniczna
5%
ulica ul. Szczęśliwa
5%
skwer skwer im. Karola Nicze
3%
ulica ul. Drobna
3%
ulica ul. Gospodarcza
3%
ulica ul. Nastrojowa
3%
ulica ul. Potokowa
3%
ulica ul. Promienna
3%
skwer skwer na Piaskach im. inż. Bolesława Pietrzaka
2%
skwer skwer Zygmunta Lubońskiego
2%
ulica ul. Kolonijna
2%
ulica ul. Rajska
2%
ulica ul. Tatarakowa
2%
ulica ul. Ochocza
0%
Nie znaleziono quizów pasujących do podanych kryteriów
Rozkład punktacji
Procent ludzi z każdym wynikiem
Percentyl według liczby udzielonych odpowiedzi
Twoja historia wyników
Nie rozwiązałeś tego quizu od ostatniego zresetowania